00863nam a22002177a 450000500170000001000150001702000270003202000240005903500130008303700130009608200140010910000250012324501630014826000460031127000390035730000250039650000500042194200280047199900170049995201290051620150813112304.0 aENG-113515 c1350.00a9789351480341 c1350.00a9351480348 aEN-97047 bDBAD/PUB a266.00954 aKhandpekar, Neeta M. aThe Christian missionaries in coastal Maharastra :cby Neeta M. Khandpekarbencapsuling their historical, social, educational, medical & literary endeavours / aNew DelhibChristian World Imprintsc2015 aH-12 Bali NagarbNew Delhie110015 axxiv,374p.c24cm(Hb) aIncludes bibliographical references and index 2ddccENmKHAh266.00954 c95020d95020 001040718NFICaDBADbDBADd2015-07-17eDBAD/PUBg1350.00l0o266.00954 KHApEN-97047r2015-07-17 00:00:00t1v1350.00yEN